000
00295nam a22001217a 4500
008
170622b xxu||||| |||| 00| 0 eng d
041
_a
eng
080
_a
32
100
_a
20
101
_a
SHP
245
_a
THE COLD WAR YEARS: AMERICAN FOREIGN POLICY SINCE 1945
_c
HAMMOND, P.Y
942
_2
udc
_c
BK
999
_c
18595
_d
18595